Normal view
MARC view
- Khan,Ahmed Bilal
Entry Personal Name
001 - CONTROL NUMBER
- control field: 4956
003 - CONTROL NUMBER IDENTIFIER
- control field: NUST
005 - DATE AND TIME OF LATEST TRANSACTION
- control field: 20170925120612.0
008 - FIXED-LENGTH DATA ELEMENTS
- fixed length control field: 170925|| aca||aabn | a|a d
040 ## - CATALOGING SOURCE
- Original cataloging agency: NUST
- Transcribing agency: NUST
100 ## - HEADING--PERSONAL NAME
- Personal name: Khan,Ahmed Bilal
670 ## - SOURCE DATA FOUND
- Source citation: Work cat.: (NUST): Khan,Ahmed Bilal, Historical comparison of household savings in Pakistan, 2013
